A Rosenberg Hungária Kft. gazdálkodásának elemzése a beszámolói alapján

Bibliográfiai részletek
Szerző: Józsa Sándor
További közreműködők: Siklósi Dr. Ágnes
Dokumentumtípus: Záródolgozat
Kulcsszavak:Jövedelmezőség vizsgálat
Vagyoni helyzet
Hatékonyság
Online Access:http://dolgozattar.uni-bge.hu/8536

MARC

LEADER 00000nta a2200000 i 4500
001 dolg8536
005 20161214094944.0
008 161214suuuu hu o 000 hun d
040 |a BGE Dolgozattár Repozitórium  |b hun 
041 |a hu 
100 1 |a Józsa Sándor 
245 1 2 |a A Rosenberg Hungária Kft. gazdálkodásának elemzése a beszámolói alapján  |c Józsa Sándor  |h [elektronikus dokumentum] 
516 |a Final_paper 
695 |a Jövedelmezőség vizsgálat 
695 |a Vagyoni helyzet 
695 |a Hatékonyság 
700 1 |a Siklósi Dr. Ágnes  |e ths 
856 4 0 |u http://dolgozattar.uni-bge.hu/8536/1/A%20Rosenberg%20Hung%C3%A1ria%20Kft.%20gazd%C3%A1lkod%C3%A1s%C3%A1nak%20elemz%C3%A9se%20a%20besz%C3%A1mol%C3%B3i%20alapj%C3%A1n.pdf  |z Dokumentum-elérés 
856 4 0 |u http://dolgozattar.uni-bge.hu/8536/7/J%C3%B3zsa%20S%C3%A1ndor%20nyilatkozat.pdf  |z Dokumentum-elérés